000 00324nam a22001457a 4500
003 SGT
020 _a978-81-259-1142-5
082 _a631
_bSAH
100 _aSAHAY, K.M.
245 _aUNIT OPERATIONS OF AGRICULTURAL PROCESSING
250 _a2NC
260 _aDELHI
_bVIKASH
_c2020
300 _a374
942 _2ddc
_cBK
_05
999 _c22207
_d22207